| 000 | 00687nam a2200241Ia 4500 | ||
|---|---|---|---|
| 008 | 220216s9999 xx 000 0 und d | ||
| 100 | _aWalle Inge Vande | ||
| 245 | 0 | _aTemporal variation and high-resolution spatial heterogeneity in soil CO2 efflux in a short-rotation tree plantation | |
| 260 |
_bTree Physiology _c2007 |
||
| 300 | _a837-848 | ||
| 650 | _aExponential model | ||
| 650 | _aForest ecosytem | ||
| 650 | _aLogistic function | ||
| 650 | _aQ10 value | ||
| 650 | _aSeasonality | ||
| 650 | _aSpatial variability | ||
| 650 | _aWillow | ||
| 700 | _aLemeur Raoul | ||
| 700 | _aLooman Brecht | ||
| 700 | _aSamson Roeland | ||
| 700 | _aVerheyen Kris | ||
| 942 | _cJS | ||
| 999 |
_c70371 _d70371 |
||